[Event "Open"]
[Site "Winterthur SUI"]
[Date "2006.10.09"]
[Round "4"]
[White "Galyas,M"]
[Black "Malakhatko,V"]
[Result "1-0"]
[WhiteElo "2428"]
[BlackElo "2617"]

1.d4 Nf6 2.c4 e6 3.Nc3 Bb4 4.f3 d5 5.a3 Bxc3+ 6.bxc3 c5 7.cxd5 exd5 8.e3 Qc7
9.Ne2 O-O 10.g4 b6 11.Bg2 Nc6 12.O-O Ba6 13.Rf2 Bc4 14.g5 Nd7 15.e4 dxe4
16.fxe4 Rad8 17.Nf4 Ne7 18.Be3 Rfe8 19.Qf3 Nf8 20.Bf1 cxd4 21.cxd4 Bxf1 22.Raxf1 Neg6
23.Nh5 Rd7 24.Ng3 Qc3 25.Nf5 Qxa3 26.h4 Rc8 27.h5 Rc3 28.hxg6 hxg6 29.Rh2 gxf5
30.Qh5 Ng6 31.exf5 Rc2 32.Rh3  1-0

[Event "Vasylyshyn Mem"]
[Site "Lviv UKR"]
[Date "2006.10.10"]
[Round "6"]
[White "Konovalov,N"]
[Black "Maiorov,N"]
[Result "0-1"]
[WhiteElo "2443"]
[BlackElo "2481"]

1.d4 Nf6 2.c4 e6 3.Nc3 Bb4 4.f3 O-O 5.e4 Bxc3+ 6.bxc3 d6 7.Bd3 e5 8.Ne2 b6
9.O-O Bb7 10.Ng3 Re8 11.Be3 Nbd7 12.Qc2 Nf8 13.h3 c5 14.f4 exd4 15.cxd4 Nxe4
16.Nxe4 f5 17.Ng3 Rxe3 18.Nxf5 Re8 19.d5 Bc8 20.Ng3 Rb8 21.Rf3 Rb7 22.Raf1 Rf7
23.f5 Re5 24.Rf4 h6 25.Nh5 Qg5 26.Qd1 Nh7 27.h4 Qe7 28.f6 Nxf6 29.Bg6 Rf8
30.Qf3 Re1 31.Ng3 Rxf1+ 32.Nxf1 Nd7 33.Rxf8+ Nxf8 34.h5 Nxg6 35.hxg6 Qf6
36.Qxf6 gxf6 37.Ng3 Ba6 38.Nf5 Bxc4 39.a3 Bd3 40.Nxd6 Bxg6 41.Nc8 Be8 42.Nxa7 Bd7
43.Kf2 Kf7 44.Ke3 Ke7 45.Kd3 b5 46.g4 Kd6 47.Ke4 Kc7  0-1

[Event "FSGM October"]
[Site "Budapest HUN"]
[Date "2006.10.11"]
[Round "5"]
[White "Toth,E"]
[Black "Erdos,V"]
[Result "1/2-1/2"]
[WhiteElo "2331"]
[BlackElo "2503"]

1.d4 e6 2.c4 Nf6 3.Nc3 Bb4 4.f3 Nc6 5.a3 Bxc3+ 6.bxc3 b6 7.e4 Ba6 8.Bd3 Na5
9.Qe2 d6 10.f4 Qd7 11.Rb1 d5 12.exd5 O-O 13.dxe6 Qxe6 14.Qxe6 fxe6 15.Rb4 Bb7
16.Nf3 Bxf3 17.gxf3 Nh5 18.Be4 Rae8 19.Rg1 Nxf4 20.Bxf4 Rxf4 21.Ke2 e5 22.Kd3 Rh4
23.Rb5 exd4 24.cxd4 g6 25.Rg2 Re7 26.Rbg5  1/2-1/2

[Event "22nd ECU Club Cup"]
[Site "Feugen AUT"]
[Date "2006.10.13"]
[Round "6"]
[White "Grabliauskas,V"]
[Black "Golubovic,B"]
[Result "1-0"]
[WhiteElo "2419"]
[BlackElo "2442"]

1.d4 Nf6 2.c4 e6 3.Nc3 Bb4 4.f3 O-O 5.e4 c5 6.a3 Bxc3+ 7.bxc3 Ne8 8.Be3 b6
9.dxc5 bxc5 10.Bxc5 d6 11.Be3 Nd7 12.Qa4 Ne5 13.c5 Qc7 14.Nh3 dxc5 15.Be2 Bd7
16.Qc2 Qa5 17.a4 Nd6 18.O-O Nec4 19.Bc1 Rfd8 20.f4 Nb6 21.e5 Nf5 22.g4 Ne7
23.Ng5 g6 24.Qd3 h6 25.Ne4 Bc6 26.Nf6+ Kg7 27.Qh3 Rh8 28.c4 Nxa4 29.Ra3 Rab8
30.Qh4 Rb1 31.Qf2 Qb4 32.Rg3 Nc3 33.Bd3 Be8 34.h4 Rb3 35.f5 Qb7 36.Kh2 Nc6
37.Bc2 Nxe5 38.Bxb3 Qxb3 39.Bd2 Qxc4 40.Bxc3  1-0

[Event "22nd ECU Club Cup"]
[Site "Feugen AUT"]
[Date "2006.10.13"]
[Round "6"]
[White "Ivanchuk,V"]
[Black "Prusikin,M"]
[Result "1-0"]
[WhiteElo "2741"]
[BlackElo "2560"]

1.d4 Nf6 2.c4 e6 3.Nc3 Bb4 4.f3 d5 5.a3 Bxc3+ 6.bxc3 c5 7.cxd5 Nxd5 8.dxc5 Qa5
9.e4 Ne7 10.Be3 O-O 11.Qb3 Qc7 12.a4 Nd7 13.a5 Nc6 14.Bb5 Nxa5 15.Qa3 b6
16.Ne2 Bb7 17.O-O Rfc8 18.cxb6 axb6 19.Qe7 Nc5 20.Qxc7 Rxc7 21.Rfd1 Rcc8
22.Ra2 Bc6 23.Bxc5 Bxb5 24.Bxb6 Bxe2 25.Rxe2 Nc4 26.Bf2 h6 27.h3 Rc6 28.Be1 g5
29.Rb1 Kg7 30.Bg3 Kg6 31.Kh2 Ra3 32.Be1 Rc8 33.Rc2 Rc6 34.Bf2 Ra8 35.Rb4 Ra1
36.Bd4 e5 37.Bf2 Rc7 38.Re2 Rc1 39.Be1 Ra1 40.Rb8 Ra3 41.h4 Ra1 42.Kh3 f6
43.Kg4 Ra6 44.Rg8+ Kf7 45.Rd8 Kg6 46.Bf2 Ra3 47.Rc2 Ra1 48.h5+ Kf7 49.Rd5 Ke6
50.Rd8 Kf7 51.Rd5 Ke6 52.Rd8 Kf7 53.Rh8 Kg7 54.Rb8 Kf7 55.Rd8 Ra6 56.Rd1 Ke6
57.Rb1 Kf7 58.Bg1 Ra4 59.Bf2 Ra6 60.Kh3 Ra4 61.Rcc1 Ra2 62.Bg1 Na3 63.Rb8 Nc4
64.Rd1 Rc2 65.Rh8 Kg7 66.Rdd8 Rc1 67.Rdg8+ Kf7 68.Rg6 Ke6 69.Kh2 Nd2 70.Rhxh6 R7xc3
71.Rxf6+ Ke7  1-0

[Event "22nd ECU Club Cup"]
[Site "Feugen AUT"]
[Date "2006.10.13"]
[Round "6"]
[White "Khenkin,I"]
[Black "Anastasian,A"]
[Result "1/2-1/2"]
[WhiteElo "2620"]
[BlackElo "2580"]

1.d4 Nf6 2.c4 e6 3.Nc3 Bb4 4.f3 c5 5.d5 O-O 6.e4 Re8 7.Bd2 d6 8.Nge2 exd5
9.cxd5 Nbd7 10.a3 Ba5 11.Ng3 Ne5 12.Be2 Bd7 13.O-O c4 14.Kh1 Rc8 15.Be3 Bb6
16.Bg5 h6 17.Bxf6 Qxf6 18.f4 Nd3 19.Bxd3 cxd3 20.Qxd3 Qd4 21.Qc2  1/2-1/2

[Event "22nd ECU Club Cup"]
[Site "Feugen AUT"]
[Date "2006.10.13"]
[Round "6"]
[White "Meessen,R"]
[Black "Niklasch,O"]
[Result "1-0"]
[WhiteElo "2303"]
[BlackElo "2419"]

1.d4 Nf6 2.c4 e6 3.Nc3 Bb4 4.f3 d5 5.a3 Bxc3+ 6.bxc3 c5 7.cxd5 Nxd5 8.Qd3 b6
9.e4 Ba6 10.Qd2 Bxf1 11.Kxf1 Ne7 12.Ne2 O-O 13.h4 Nbc6 14.Rh3 Qd7 15.Rg3 f5
16.Kg1 Rad8 17.Qg5 Rf7 18.Be3 cxd4 19.cxd4 f4 20.Nxf4 Nxd4 21.Ra2 Nec6 22.Rd2 Rdf8
23.h5 e5 24.Ng6 Re8 25.Bxd4 exd4 26.Nh4 Qd8 27.Nf5 Qxg5 28.Rxg5 Rd7 29.h6 g6
30.Ne3 Ne7 31.Ng4 Rf8 32.a4 Kh8 33.a5 Nc6 34.axb6 axb6 35.Rd5 Rfd8 36.Rxd7 Rxd7
37.Rc2 Ne7 38.Nf6 Rd6 39.e5 d3 40.Ra2 Rd8 41.Ra7 d2 42.Rxe7 d1=Q+ 43.Kh2  1-0

[Event "XI WCh-Blind"]
[Site "Goa IND"]
[Date "2006.10.13"]
[Round "5"]
[White "Magnusson,Joe"]
[Black "Krylov,Sergey"]
[Result "1/2-1/2"]
[WhiteElo "2315"]
[BlackElo "2393"]

1.d4 Nf6 2.c4 e6 3.Nc3 Bb4 4.f3 d5 5.a3 Be7 6.c5 O-O 7.e3 b6 8.b4 a5 9.Rb1 axb4
10.axb4 c6 11.Bd3 e5 12.Nge2 bxc5 13.bxc5 Nbd7 14.O-O Re8 15.Bd2 Ba6 16.Nc1 exd4
17.exd4 Nf8 18.Bxa6 Rxa6 19.Nd3 Qc8 20.Nb4 Ra7 21.Ra1 Rxa1 22.Qxa1 Ne6 23.Nc2 Nh5
24.Qa4 g6 25.Rb1 Nhg7 26.Be3 Bf6 27.Rb6 Nd8 28.Nxd5 cxd5 29.Rxf6 Nde6 30.Qa7 Rf8
31.Bh6 Qb8 32.Qb6 Qxb6 33.cxb6 Rb8 34.Nb4 Rxb6 35.Nxd5 Rd6 36.Ne7+ Kf8 37.Nc6 Rxc6  1/2-1/2

[Event "Vasylyshyn Mem"]
[Site "Lviv UKR"]
[Date "2006.10.14"]
[Round "12"]
[White "Konovalov,N"]
[Black "Grekh,A"]
[Result "1/2-1/2"]
[WhiteElo "2443"]
[BlackElo "2370"]

1.d4 Nf6 2.c4 e6 3.Nc3 Bb4 4.f3 d5 5.a3 Be7 6.cxd5 Nxd5 7.e4 Nxc3 8.bxc3 c5
9.Bd3 Nc6 10.Ne2 O-O 11.Be3 cxd4 12.cxd4 Qa5+ 13.Kf2 f5 14.Rf1 e5 15.Kg1 exd4
16.Nxd4 Bc5 17.Kh1 Bxd4 18.Bc4+ Kh8 19.Bxd4 Rd8 20.Bd5 Nxd4 21.Qxd4 Be6 22.Rfd1 fxe4
23.fxe4 Rd6 24.Rd3 Rad8 25.Rad1 h6  1/2-1/2

[Event "WYB18"]
[Site "Batumi GEO"]
[Date "2006.10.21"]
[Round "3"]
[White "Banawa,Joe"]
[Black "Leon Hoyos,M"]
[Result "1-0"]
[WhiteElo "2282"]
[BlackElo "2437"]

1.d4 Nf6 2.c4 e6 3.Nc3 Bb4 4.f3 c5 5.d5 exd5 6.cxd5 O-O 7.e4 Re8 8.Ne2 b5
9.Ng3 a6 10.Be2 d6 11.O-O Ba5 12.Bg5 h6 13.Bf4 Nh7 14.a4 Qf6 15.Bc1 bxa4
16.Qxa4 Qd4+ 17.Qxd4 cxd4 18.Rxa5 dxc3 19.bxc3 Nf6 20.Bf4 Rd8 21.Rfa1 Ne8
22.h4 Ra7 23.Be3 Rb7 24.Bxa6 Nxa6 25.Rxa6 Nc7 26.Rb6  1-0

[Event "10th Essent Open"]
[Site "Hoogeveen NED"]
[Date "2006.10.25"]
[Round "6"]
[White "Hendriks,P"]
[Black "Goudriaan,E"]
[Result "0-1"]
[WhiteElo "2092"]
[BlackElo "2065"]

1.d4 Nf6 2.c4 e6 3.Nc3 Bb4 4.f3 d5 5.a3 Bxc3+ 6.bxc3 O-O 7.e3 Nc6 8.cxd5 exd5
9.Bd3 Ne7 10.e4 dxe4 11.fxe4 c5 12.Nf3 Bg4 13.Bb2 Nc6 14.O-O cxd4 15.Qc2 Bxf3
16.gxf3 Qb6 17.Kh1 Ne5 18.Rab1 Rac8 19.Qd2 Qa5 20.Qg5 dxc3 21.Bc1 Rc5 22.Rg1 Ng6
23.Qg2 Qc7 24.f4 Rd8 25.Bc2 Ne8 26.e5 b5 27.Be4 Rc4 28.Rxb5 Nh4 29.Qe2 Rdd4
30.Ba8 c2 31.e6 f5 32.e7 Re4 33.Qh5 Qxe7 34.Rb8 g6 35.Rxe8+ Qxe8 36.Bd5+ Kg7
37.Qxh4 Red4 38.Bb2 c1=Q 39.Bxd4+ Rxd4 40.Rxc1 Rxd5 41.Rc7+ Rd7 42.Rxd7+ Qxd7
43.Qf2 Qc6+ 44.Kg1 Qb6 45.Kg2 Qxf2+ 46.Kxf2 h6 47.h4 Kf6 48.a4 Ke6 49.Ke3 Kd5
50.Kd3 a5 51.Ke3 Kc4 52.Ke2 Kd4 53.Kf3 Kd3  0-1

[Event "WYB18"]
[Site "Batumi GEO"]
[Date "2006.10.26"]
[Round "9"]
[White "Banawa,Joe"]
[Black "Jurcik,Mart"]
[Result "1/2-1/2"]
[WhiteElo "2282"]
[BlackElo "2285"]

1.d4 Nf6 2.c4 e6 3.Nc3 Bb4 4.f3 d5 5.a3 Bxc3+ 6.bxc3 c5 7.cxd5 Nxd5 8.dxc5 Qa5
9.e4 Ne7 10.Be3 Qxc3+ 11.Kf2 Nbc6 12.Bd3 O-O 13.Ne2 Qf6 14.Bb5 Ne5 15.Nf4 N7g6
16.Qc1 Bd7 17.Be2 Ng4+ 18.fxg4 Nxf4 19.Bxf4 e5 20.g3 exf4 21.Qxf4 Qd4+ 22.Qe3 Qe5
23.Rac1 Bc6 24.Rhe1 Rad8 25.Rcd1 Rde8 26.Bf3 Re7 27.Rd6 Rfe8 28.g5 Kf8  1/2-1/2

[Event "VII Rapid"]
[Site "El Sauzal ESP"]
[Date "2006.11.05"]
[Round "7"]
[White "Moskalenko,V"]
[Black "Meijers,V"]
[Result "1-0"]
[WhiteElo "2543"]
[BlackElo "2465"]

1.d4 Nf6 2.c4 e6 3.Nc3 Bb4 4.f3 d5 5.a3 Bxc3+ 6.bxc3 O-O 7.cxd5 exd5 8.e3 Re8
9.Bd3 Nfd7 10.Ne2 Qh4+ 11.g3 Qh3 12.Kf2 Nc6 13.Qf1 Qxf1+ 14.Rxf1 Na5 15.Rb1 c6  1-0

[Event "TCh-NED 2006-7"]
[Site "Netherlands NED"]
[Date "2006.11.11"]
[Round "3"]
[White "Van Ketel,R"]
[Black "Spoelman,W"]
[Result "1/2-1/2"]
[WhiteElo "2324"]
[BlackElo "2461"]

1.d4 Nf6 2.c4 e6 3.Nc3 Bb4 4.f3 O-O 5.a3 Bxc3+ 6.bxc3 Ne8 7.e4 b6 8.Bd3 Nc6
9.f4 Ba6 10.a4 Na5 11.Ba3 c5 12.Qe2 Qc7 13.e5 d6 14.Nf3 g6 15.O-O cxd4 16.cxd4 Bxc4
17.Rac1 Bxd3 18.Qxd3 Qb7 19.Ng5 Qd5 20.Ne4 f5 21.exf6 Rd8 22.Ng5 Rxf6 23.Kh1 Nc6
24.Qe4 Ne7 25.Rfe1 Qxe4 26.Rxe4 Ng7 27.Rc7 h6 28.Nxe6 Nxe6 29.Rxe7 Nxf4 30.h3 Nd5
31.Rxa7 Rf7 32.Ra6 Rf1+ 33.Kh2 Ra1 34.Bb2 Rb1 35.Re2 Rb8 36.Ba3 Rd8 37.Ra7 Rf1
38.Re6 Rf6 39.Re2 Rf7 40.Ra6 Nf4 41.Rc2 Nd5 42.a5 bxa5 43.Bxd6 Rf6 44.Rcc6 Nb4
45.Bxb4 Rxc6 46.Rxc6 axb4 47.Rxg6+ Kh7 48.Rb6 Rxd4 49.g4 Kg7 50.Kg3  1/2-1/2

[Event "TCh-BEL 2006-7"]
[Site "Belgium BEL"]
[Date "2006.11.19"]
[Round "4"]
[White "Lamby,P"]
[Black "Nieto,E"]
[Result "0-1"]
[WhiteElo "2254"]
[BlackElo "2201"]

1.d4 Nf6 2.c4 e6 3.Nc3 Bb4 4.f3 d5 5.a3 Be7 6.e4 dxe4 7.fxe4 e5 8.d5 O-O
9.Nf3 Bg4 10.Be3 Nbd7 11.Be2 Nh5 12.Qd2 Bc5 13.b4 Bxe3 14.Qxe3 c5 15.O-O Nf4
16.Kh1 Nxe2 17.Nxe2 cxb4 18.axb4 a5 19.bxa5 Rxa5 20.Rac1 Qe7 21.Ng3 Rfa8
22.h3 Ra3 23.Rc3 Rxc3 24.Qxc3 Ra3 25.Qb2 Bxf3 26.Rxf3 Rxf3 27.gxf3 Qg5 28.Kg2 h5
29.h4 Qxh4 30.Qxb7 Qe7 31.c5 h4 32.c6 Qg5 33.cxd7 Qxg3+ 34.Kf1 Qxf3+ 35.Ke1 Qxe4+
36.Kd2 Qd4+ 37.Kc2 Qc4+ 38.Kb2 Qd4+ 39.Kb3 Qd3+ 40.Ka4 Qc2+ 41.Qb3 Qc7 42.Qb5 Qa7+
43.Kb3 Qe3+ 44.Kc4 Qd4+ 45.Kb3 Qe3+ 46.Kb4 Qd4+ 47.Qc4 Qb6+ 48.Kc3 Qe3+ 49.Kc2 Qf2+
50.Kb3 Qb6+ 51.Qb4 Qe3+ 52.Kc4 Qd4+  0-1

[Event "19th Belgrade Trophy"]
[Site "Belgrade SRB"]
[Date "2006.11.28"]
[Round "7"]
[White "Pavlovic,Slo"]
[Black "Nestorovic,L"]
[Result "0-1"]
[WhiteElo "2194"]
[BlackElo "2042"]

1.d4 Nf6 2.c4 e6 3.Nc3 Bb4 4.f3 d5 5.a3 Bxc3+ 6.bxc3 O-O 7.e3 c5 8.cxd5 exd5
9.Bd3 Nc6 10.Ne2 Re8 11.O-O Ne7 12.e4 dxe4 13.fxe4 cxd4 14.cxd4 Nc6 15.e5 Nd5
16.h3 Qh4 17.Nf4 Be6 18.Nxd5 Qxd4+ 19.Be3 Qxd5 20.Qc2 h6 21.Rad1 Qxe5 22.Bf4 Qa5
23.Qf2 Qxa3 24.Qg3 Qc5+ 25.Rf2 Qh5 26.Be2 Qg6 27.Qh4 Rad8 28.Rdf1 Rd5 29.Bf3 Rd4
30.Bh5 Qe4 31.Re2 Qd5 32.Bf3 Qc4 33.g3 Red8 34.Ref2 a5 35.Qh5 a4 36.Bxh6 gxh6
37.Qxh6 Qc5  0-1

[Event "19th Belgrade Trophy"]
[Site "Belgrade SRB"]
[Date "2006.11.30"]
[Round "9"]
[White "Spiric,I"]
[Black "Nestorovic,L"]
[Result "1-0"]
[WhiteElo "2306"]
[BlackElo "2042"]

1.d4 Nf6 2.c4 e6 3.Nc3 Bb4 4.f3 d5 5.a3 Bxc3+ 6.bxc3 c5 7.cxd5 exd5 8.e3 O-O
9.Bd3 b6 10.Ne2 Ba6 11.O-O Re8 12.Ra2 Qd7 13.Bxa6 Nxa6 14.g4 Qc6 15.Ng3 Rac8
16.g5 Nd7 17.Rg2 Nc7 18.Nh5 Nb5 19.Qe1 cxd4 20.cxd4 Qe6 21.e4 Nc3 22.Bb2 dxe4
23.fxe4 Qxe4 24.Bxc3 Qd3 25.Rg3 Qc2 26.Qd2 Qxd2 27.Bxd2  1-0

[Event "ch-ROM"]
[Site "Predeal ROM"]
[Date "2006.11.30"]
[Round "4"]
[White "Dobre,C"]
[Black "Grecescu,G"]
[Result "1/2-1/2"]
[WhiteElo "2237"]
[BlackElo "2405"]

1.d4 Nf6 2.c4 e6 3.Nc3 Bb4 4.f3 d5 5.a3 Bxc3+ 6.bxc3 c5 7.cxd5 Nxd5 8.dxc5 Qa5
9.e4 Nf6 10.Qb3 O-O 11.Be3 Bd7 12.Qb4 Nc6 13.Qxa5 Nxa5 14.Rb1 Rac8 15.e5 Nd5
16.Bd4 b6 17.Ba6 Rc7 18.c4 bxc5 19.cxd5 cxd4 20.Ne2 exd5 21.Nxd4 Nc4 22.O-O Nxa3
23.Rb7 Rxb7 24.Bxb7 Rb8 25.Bxd5 a5 26.e6 fxe6 27.Nxe6 Bxe6 28.Bxe6+ Kf8 29.Ra1 Rb1+
30.Rxb1 Nxb1 31.Kf2 Nc3 32.Ke3 Ke7 33.Bb3 Kd6 34.Kd4 Nb5+ 35.Kc4 Nc7 36.g3 h6
37.f4 Nd5 38.Kd4 Nb6 39.g4 a4 40.Ba2 a3 41.g5 Nd7 42.gxh6 gxh6 43.f5 Nf6
44.h3 Nh5 45.Ke4 Ke7 46.Ke5 Nf6 47.Kf4 Kd6 48.Bb3 Nd5+ 49.Kg4 Ne3+ 50.Kf4 Nc2
51.f6 Nd4 52.Ba2 Ne6+ 53.Kf5 Nf8 54.f7 Ke7 55.h4 Nd7 56.Kg6 Kf8 57.Kxh6 Ne5
58.Kg5 Kg7 59.h5 Nxf7+ 60.Kf4  1/2-1/2

[Event "ch-ROM"]
[Site "Predeal ROM"]
[Date "2006.12.02"]
[Round "6"]
[White "Posedaru,B"]
[Black "Grecescu,G"]
[Result "0-1"]
[WhiteElo "2178"]
[BlackElo "2405"]

1.d4 Nf6 2.c4 e6 3.Nc3 Bb4 4.f3 d5 5.a3 Bxc3+ 6.bxc3 c5 7.cxd5 Nxd5 8.dxc5 Qa5
9.e4 Ne7 10.Qb3 Qxc5 11.Qb5+ Qxb5 12.Bxb5+ Bd7 13.a4 a6 14.Bxd7+ Nxd7 15.Rb1 O-O-O
16.Ne2 Nc5 17.Ba3 Nd3+ 18.Kd2 Nc6 19.Kc2 Rd7 20.Rhd1 Rhd8 21.Nc1 Nxc1 22.Bxc1 Ne5
23.Bf4 Rxd1 24.Rxd1 Rxd1 25.Kxd1 Nd3 26.Be3 Nb2+ 27.Kc2 Nxa4 28.c4 b5 29.cxb5 axb5
30.Bd4 g6 31.Kb3 Kc7 32.Kb4 Kc6 33.g4 Nb6 34.f4 Nc4 35.Kc3 Nd6 36.Kd3 f5
37.gxf5 exf5 38.e5 Ne4 39.h4 Kd5 40.Be3 h6 41.Ke2 Kc4 42.e6 Kd5 43.e7 Nd6
44.Bb6 Ke6 45.Bd8 Kd7 46.Kd3 Nc8 47.e8=Q+ Kxe8 48.Bf6 Kd7  0-1

[Event "90th ch-Marshall CC"]
[Site "New York USA"]
[Date "2006.12.03"]
[Round "5"]
[White "Krush,I"]
[Black "Hess,Ro"]
[Result "1-0"]
[WhiteElo "2443"]
[BlackElo "2394"]

1.d4 Nf6 2.c4 e6 3.Nc3 Bb4 4.f3 d5 5.a3 Bxc3+ 6.bxc3 O-O 7.e3 Re8 8.cxd5 exd5
9.Bd3 b6 10.Ne2 Ba6 11.Bxa6 Nxa6 12.Qd3 Qc8 13.O-O c5 14.Ng3 cxd4 15.cxd4 Qc4
16.Qxc4 dxc4 17.e4 Red8 18.Nf5 Rd7 19.Bb2 Rc8 20.Bc3 Ne8 21.a4 Nac7 22.Rfb1 h5
23.d5 f6 24.Kf2 Nd6 25.Nxd6 Rxd6 26.Ke3 Kf7 27.Ra2 Re8 28.Kd4 Rc8 29.Bb4 Rd7
30.Rc2 Ne6+ 31.Ke3 Nc7 32.Rbc1 Rxd5 33.Rxc4 Rd7 34.Rc6 Ke8 35.Kf2 Kd8 36.Bd6 Rf7
37.Kg3 a6 38.f4  1-0

[Event "Open A"]
[Site "Benidorm ESP"]
[Date "2006.12.05"]
[Round "5"]
[White "Avila Jimenez,J"]
[Black "Contreras,H"]
[Result "0-1"]
[WhiteElo "2222"]
[BlackElo "2293"]

1.d4 Nf6 2.c4 e6 3.Nc3 Bb4 4.f3 d5 5.a3 Bxc3+ 6.bxc3 O-O 7.cxd5 exd5 8.e3 c5
9.Bd3 b6 10.Ne2 Ba6 11.Bxa6 Nxa6 12.Qd3 c4 13.Qf5 Re8 14.O-O Nc7 15.g4 h6
16.Ra2 Nb5 17.a4 Nd6 18.Qf4 Re6 19.h4 Qe7 20.Qh2 Re8 21.Nf4 Rxe3 22.g5 Re1
23.gxf6 Rxf1+ 24.Kxf1 Qe1+ 25.Kg2 Qxc1 26.Nxd5 Nf5 27.fxg7 Re1 28.Rf2 Kxg7
29.Ra2 Nxh4+ 30.Kg3 Nf5+ 31.Kg2 Nh4+ 32.Kg3 Rg1+ 33.Qxg1 Qxg1+ 34.Kxh4 Qg5+  0-1

[Event "3rd Rapid Masters"]
[Site "Benidorm ESP"]
[Date "2006.12.08"]
[Round "3"]
[White "Moskalenko,V"]
[Black "Sanchez Botella,L"]
[Result "1/2-1/2"]
[WhiteElo "2543"]
[BlackElo "2210"]

1.d4 Nf6 2.c4 e6 3.Nc3 Bb4 4.f3 d5 5.a3 Bxc3+ 6.bxc3 c5 7.cxd5 Nxd5 8.dxc5 Qa5
9.e4 Ne7 10.Be3 O-O 11.Qb3 Qc7 12.Bb5 Nd7 13.Bxd7 Bxd7 14.Ne2 e5 15.Rb1 Rab8
16.O-O Be6 17.Qa4 Nc6 18.Rfd1 Rfd8 19.Nd4 exd4 20.cxd4 Na5 21.d5 Bd7 22.Qb4 Re8
23.Bf2 Rbc8 24.Rdc1 Qd8 25.h3 f5 26.Bg3 fxe4 27.fxe4 Qg5 28.Kh2 b6 29.e5 Bf5
30.Ra1 Nb7 31.c6 Nc5 32.Rxc5 bxc5 33.Qxc5 Qd2 34.Re1 Rb8 35.d6 Rb2 36.Bf2 Qxf2
37.Qxf2 Rxf2 38.d7 Bxd7 39.cxd7 Rd8 40.e6 Rd2 41.e7 R2xd7 42.exd8=Q+ Rxd8
43.Re7 Ra8 44.a4 a5 45.Kg3 h6 46.Rb7 Kh7 47.Rb5 Ra7 48.Kf4 g6 49.Ke5 h5 50.Kd6 Kh6
51.h4 Rf7 52.Rxa5 Rf4 53.g3 Rg4 54.Ra8 Rxg3 55.a5 Rg4 56.a6 Rxh4 57.a7 Ra4
58.Rh8+ Kg5 59.a8=Q Rxa8 60.Rxa8 h4 61.Ke5 Kg4 62.Ra4+ Kg3 63.Ra3+ Kg4 64.Ra4+ Kg3
65.Ra6 g5 66.Kf5 h3 67.Ra3+ Kh4 68.Ra4+ Kh5 69.Ra8 Kh4 70.Rh8+  1/2-1/2

[Event "3rd Rapid Masters"]
[Site "Benidorm ESP"]
[Date "2006.12.09"]
[Round "7"]
[White "Moskalenko,V"]
[Black "Baches Garcia,G"]
[Result "1/2-1/2"]
[WhiteElo "2543"]
[BlackElo "2379"]

1.d4 Nf6 2.c4 e6 3.Nc3 Bb4 4.f3 d5 5.a3 Bxc3+ 6.bxc3 c5 7.cxd5 exd5 8.e3 O-O
9.Bd3 b6 10.Ne2 Re8 11.O-O Nc6 12.Ra2 Na5 13.g4 Be6 14.Nf4 Rc8 15.g5 Nd7
16.h4 Nf8 17.Rg2 Qd7 18.Nxe6 fxe6 19.a4 Nc4 20.h5 cxd4 21.cxd4 e5 22.dxe5 Nxe5
23.Bb5 Nc6 24.h6 Ng6 25.e4 d4 26.Qb3+ Kh8 27.Qd5 Qe6 28.Bxc6 Qxc6 29.Qxd4 Ne5
30.f4 Qxc1 31.fxe5 Qc5 32.Qxc5 Rxc5 33.Rgf2 gxh6 34.gxh6 Rg8+ 35.Rg2  1/2-1/2

[Event "Bundesliga 2006-7"]
[Site "Remagen GER"]
[Date "2006.12.09"]
[Round "5"]
[White "Khenkin,I"]
[Black "Ivanchuk,V"]
[Result "0-1"]
[WhiteElo "2620"]
[BlackElo "2741"]

1.d4 Nf6 2.c4 e6 3.Nc3 Bb4 4.f3 c5 5.d5 Nh5 6.g3 d6 7.e4 exd5 8.cxd5 f5 9.exf5 O-O
10.Ne2 Bxf5 11.Bg2 c4 12.O-O Bd3 13.Bh3 Na6 14.Be6+ Kh8 15.g4 Nf6 16.Nf4 Nc5
17.Nxd3 Nxd3 18.Ne2 Qa5 19.a3 b5 20.Kg2 Bc5 21.Nf4 Nxc1 22.Qxc1 Rae8 23.Re1 Bd4
24.g5 Qd8 25.Qd2 Be5 26.Nh3 Nh5 27.Re4 Nf4+ 28.Nxf4 Qxg5+ 29.Kh1 Rxf4 30.Bd7 Ref8
31.Bxb5 Qh5 32.Rxf4 Rxf4 33.Rf1 g6 34.Rf2 Qh4 35.Bd7 Rd4 36.Qe2 Rd1+ 37.Qxd1 Qxf2
38.f4 Bxf4 39.Qg1 Qf3+ 40.Qg2 Qd1+ 41.Qg1 Qxd5+ 42.Qg2 Qd1+ 43.Qg1 Qe2  0-1

[Event "90th ch-Marshall CC"]
[Site "New York USA"]
[Date "2006.12.10"]
[Round "8"]
[White "Krush,I"]
[Black "Sarkar,J"]
[Result "0-1"]
[WhiteElo "2443"]
[BlackElo "2380"]

1.d4 Nf6 2.c4 e6 3.Nc3 Bb4 4.f3 d5 5.a3 Be7 6.e4 dxe4 7.fxe4 e5 8.d5 Bc5
9.Nf3 Bg4 10.h3 Bxf3 11.Qxf3 Nbd7 12.Bd3 O-O 13.Bg5 a5 14.O-O-O Be7 15.Be3 Nc5
16.Bc2 Nfd7 17.Kb1 a4 18.h4 Ra6 19.Rh3 Qa8 20.g4 Nb3 21.Nb5 Qc8 22.g5 c6
23.d6 Bd8 24.Nc3 Ndc5 25.Qf5 Qe6 26.Qxe6 fxe6 27.Bxb3 Nxb3 28.Bg1 Nd4 29.Bxd4 exd4
30.Rxd4 e5 31.Rdd3 Bb6 32.Rhf3 Bd4 33.Rxf8+ Kxf8 34.Rf3+ Kg8 35.d7 Ra8 36.Nxa4 Rd8
37.h5 Rxd7 38.Kc2 g6 39.h6 Rf7 40.Rxf7 Kxf7 41.Kd3 Ke7 42.Ke2 Kd6 43.c5+ Bxc5
44.Nxc5 Kxc5 45.Kd3 b5 46.b3 Kb6 47.a4 Ka5 48.Kc3 c5 49.Kd3 bxa4 50.bxa4 Kb4  0-1

[Event "13th Open A"]
[Site "Zadar CRO"]
[Date "2006.12.16"]
[Round "8"]
[White "Blagojevic,Dr"]
[Black "Sakelsek,T"]
[Result "1/2-1/2"]
[WhiteElo "2534"]
[BlackElo "2468"]

1.d4 Nf6 2.c4 e6 3.Nc3 Bb4 4.f3 Bxc3+ 5.bxc3 d6 6.e4 Nbd7 7.Bd3 e5 8.Ne2 O-O
9.O-O Re8 10.Ng3 c5 11.Be3 Nf8 12.dxc5 dxc5 13.Bxc5 Ne6 14.Bf2 Nf4 15.Be2 Qxd1
16.Rfxd1 Be6 17.Bf1 g6 18.c5 Rec8 19.Bb5 Rc7 20.Rd6 Kg7 21.c6 bxc6 22.Rxc6 Rxc6
23.Bxc6 Rc8 24.Bb5 Rxc3 25.a4 Rc7 26.Ne2 Nxe2+ 27.Bxe2 Ne8 28.Be3 Nd6 29.Kf2 f6
30.Rc1 Rxc1 31.Bxc1 a5 32.Bd1 Nc4 33.Ke2 Bd7 34.Kd3 Nb6 35.Be3 Nxa4 36.Kc2  1/2-1/2

[Event "6th Amplico AIG Life"]
[Site "Warsaw POL"]
[Date "2006.12.17"]
[Round "9"]
[White "Kozak,Ma"]
[Black "Staniszewski,Pi"]
[Result "0-1"]
[WhiteElo "2205"]
[BlackElo "2419"]

1.d4 Nf6 2.c4 e6 3.Nc3 Bb4 4.f3 d5 5.a3 Bxc3+ 6.bxc3 c6 7.e3 O-O 8.Bd3 b6
9.Ne2 Ba6 10.cxd5 cxd5 11.O-O Bxd3 12.Qxd3 Nc6 13.e4 h6 14.Be3 Rc8 15.Bf2 Qd7
16.Bh4 Nh7 17.Rad1 Na5 18.e5 Nc4 19.f4 f5 20.g4 Nb2 21.Qg3 Nxd1 22.Rxd1 fxg4
23.Qxg4 Qf7 24.Rf1 Qf5 25.Qg2 Kh8 26.Be7 Rf7 27.Bd6 Qe4 28.Qg4 Ng5 29.h3 Qe3+
30.Kg2 Ne4 31.Qh5 Rf5 32.Qf3 Qd2 33.Kg1 Rf7 34.Qg4 Qe3+ 35.Kg2 Rf5 36.Qf3 Qxf3+
37.Rxf3 Rf7 38.Re3 Rd7 39.Ng3 Nxd6 40.exd6 Rxd6 41.Kf3 Rdc6 42.Ne2 Kg8 43.Kg4 Kf7
44.Rf3 g6 45.h4 Rc4 46.h5 gxh5+ 47.Kxh5 Ra4 48.f5 Rxa3 49.Kxh6 Ra2 50.fxe6+ Kxe6
51.Nf4+ Kd6 52.Rg3 Rh2+ 53.Kg7 Rc7+ 54.Kg8 Rd7 55.Rg5 Kc6 56.Nd3 Kb7 57.Nb4 Re2
58.Kf8 a5 59.Nxd5 a4 60.c4 a3 61.Rg3 a2 62.Ra3 Rh2 63.Ke8 Rg7 64.Kf8 Rg1
65.Re3 Rf2+ 66.Ke8 Rg8+ 67.Kd7 a1=Q  0-1

[Event "44th National A ch-IND"]
[Site "Atul IND"]
[Date "2006.12.26"]
[Round "10"]
[White "Swapnil,SD"]
[Black "Prathamesh,S"]
[Result "0-1"]
[WhiteElo "2209"]
[BlackElo "2335"]

1.d4 Nf6 2.c4 e6 3.Nc3 Bb4 4.f3 d5 5.a3 Bxc3+ 6.bxc3 c6 7.Qc2 O-O 8.cxd5 cxd5
9.e4 dxe4 10.fxe4 e5 11.d5 Nbd7 12.Nf3 Nc5 13.Bd3 Nfxe4 14.Bxe4 f5 15.Bd3 e4
16.Bc4 exf3 17.O-O Qh4 18.Qa2 fxg2 19.Rf4 Qe1+ 20.Kxg2 Rf6 21.Bd2 Rg6+ 22.Kf3 Qe5
23.Re1 Ne4 24.Bf1 Bd7 25.c4 Re8 26.Be3 Qe7 27.Qb2 Ba4 28.Ke2 Rb6 29.Qd4 Qg5
30.Rf3 Qh5 31.h3 f4 32.Bg2 fxe3 33.Kf1 Nd2+  0-1

[Event "44th National A ch-IND"]
[Site "Atul IND"]
[Date "2006.12.26"]
[Round "10"]
[White "Harika,D"]
[Black "Ramesh,R"]
[Result "1/2-1/2"]
[WhiteElo "2353"]
[BlackElo "2491"]

1.d4 Nf6 2.c4 e6 3.Nc3 Bb4 4.f3 c5 5.d5 Nh5 6.Nh3 d6 7.g4 Nf6 8.Bg2 O-O 9.Bg5 exd5
10.cxd5 Nbd7 11.O-O Qa5 12.Bd2 Nxd5 13.Nxd5 Bxd2 14.e4 Nb6 15.Rf2 Nxd5 16.Qxd2 Qxd2
17.Rxd2 Ne3 18.b3 h5 19.gxh5 f5 20.Rxd6 fxe4 21.fxe4 Bg4 22.Rc1 Nxg2 23.Kxg2 Bf3+
24.Kg3 Bxe4 25.Ng5 Bc6 26.Re1 Rf6 27.Red1 Re8 28.Rd8 Rff8 29.Rxe8 Rxe8 30.Rd2 a5
31.Rd6 a4 32.Ne6 axb3  1/2-1/2

[Event "1st Open"]
[Site "Illes Medes ESP"]
[Date "2006.12.28"]
[Round "1"]
[White "Kozak,Ma"]
[Black "Suba,M"]
[Result "1/2-1/2"]
[WhiteElo "2205"]
[BlackElo "2535"]

1.d4 Nf6 2.c4 e6 3.Nc3 Bb4 4.f3 d5 5.a3 Bxc3+ 6.bxc3 c5 7.e3 Qc7 8.cxd5 exd5
9.Ne2 h5 10.Nf4 Bf5 11.Bb5+ Nbd7 12.O-O O-O 13.a4 Rfe8 14.Re1 Rac8 15.c4 cxd4
16.Nxd5 Nxd5 17.cxd5 dxe3 18.Bxe3 a6 19.Bd3 Bxd3 20.Qxd3 Qa5 21.Bf2 Rxe1+
22.Bxe1 Qb6+ 23.Bf2 Qb2 24.Bd4 Rc1+ 25.Rxc1 Qxc1+ 26.Kf2 h4 27.Qe2 Qf4 28.Qe8+ Nf8
29.Be3 Qd6 30.Qe4 f6 31.Qc4 Kf7 32.Bc5 Qxh2 33.Bxf8 Qg3+ 34.Kf1 h3 35.d6+ Kxf8
36.Qc8+ Kf7 37.Qd7+ Kg6 38.gxh3 Qxf3+ 39.Ke1 Qe3+ 40.Kf1 f5 41.Qc7 Qxh3+
42.Kf2 Qh2+ 43.Kf3 Qe5 44.Qd8 f4 45.d7 Qe3+ 46.Kg2 f3+ 47.Kh2 Qf4+ 48.Kh3 f2
49.Qe8+ Kh6 50.Qh8+ Kg6  1/2-1/2

[Event "15th Donau Open"]
[Site "Aschach an der Donau AUT"]
[Date "2006.12.29"]
[Round "5"]
[White "Enoeckl,P"]
[Black "Jurek,J"]
[Result "0-1"]
[WhiteElo "2175"]
[BlackElo "2384"]

1.d4 Nf6 2.c4 e6 3.Nc3 Bb4 4.f3 c5 5.a3 Bxc3+ 6.bxc3 Nc6 7.e4 e5 8.dxc5 Qa5
9.Be3 Qxc3+ 10.Kf2 O-O 11.Ne2 Qxc4 12.Nd4 Qxc5 13.Ne6 Nxe4+  0-1